WWE Champions by Year - 2012 - Statistics

General Stats
  • This quiz has been taken 431 times
  • The average score is 15 of 20
Answer Stats
Title Date Event Wrestler % Correct
World Heavyweight October 28 Hell in a Cell The Big Show
94%
Intercontinental April 1 WrestleMania XXVIII The Big Show
94%
World Heavyweight April 1 WrestleMania XXVIII Sheamus
93%
Intercontinental July 23 Raw 1000 The Miz
90%
Intercontinental October 17 Main Event Kofi Kingston
89%
Tag Team April 30 Raw Kofi Kingston
89%
Intercontinental April 29 Extreme Rules Cody Rhodes
87%
Tag Team September 16 Night of Champions Daniel Bryan
84%
Tag Team September 16 Night of Champions Kane
83%
Diva's April 23 Raw Nikki Bella
77%
Tag Team April 30 Raw R-Truth
77%
Intercontinental December 31 Raw Wade Barrett
70%
United States January 16 Raw Jack Swagger
66%
United States August 19 SummerSlam: Pre-Show Antonio Cesaro
61%
Intercontinental May 20 Over the Limit Christian
61%
United States March 5 Raw Santino Marella
57%
Diva's September 16 Night of Champions Eve Torres
56%
Diva's April 29 Extreme Rules Layla
51%
Tag Team January 15 House show Epico
43%
Tag Team January 15 House show Primo
43%
No matching quizzes found
Score Distribution
Percent of People with Each Score
Percentile by Number Answered
Your Score History
You have not taken this quiz